000 00840nmm a2200277 a 4500
001 ocm0001864701
003 TR-IsHL
005 20201028172246.0
008 180430s2016 tu tur
007 cr cn
020 _a9786059831406
035 _a1864701
_b(N$T)
050 0 4 _aPL248.A35
_bY58 2016
090 0 4 _aPL248.A35
_bY58 2016
100 1 _aAkın, Ali
245 1 0 _aYitik yol
_h[electronic resource] /
_cAli Akın
250 _aİkinci basım
260 _aİstanbul :
_bSalon Yayınları,
_c2016
300 _a321 p.
650 4 _aDil ve Edebiyat
650 4 _aLanguage and Literature
650 0 _aTürk romanı
650 0 _aTurkish fiction
650 7 _aLITERARY COLLECTIONS / Middle Eastern
_2bisacsh
856 4 0 _uhttp://search.ebscohost.com/login.aspx?direct=true&scope=site&db=e011xww&AN=1864701
999 _c17109
_d17109